The invisible temple. (Record no. 9012)

000 -LEADER
fixed length control field 00549nam a2200181 a 4500
001 - CONTROL NUMBER
control field :::00006793$&:&@@
003 - CONTROL NUMBER IDENTIFIER
control field OkBaRHE
005 - DATE AND TIME OF LATEST TRANSACTION
control field 20000607103333.0
008 - FIXED-LENGTH DATA ELEMENTS--GENERAL INFORMATION
fixed length control field s1957 j 000 0 eng u
040 ## - CATALOGING SOURCE
Transcribing agency
100 1# - MAIN ENTRY--PERSONAL NAME
Personal name Pryce, Beatrice Helton.
245 14 - TITLE STATEMENT
Title The invisible temple.
260 ## - PUBLICATION, DISTRIBUTION, ETC. (IMPRINT)
Place of publication, distribution, etc Bellflower, CA., :
Name of publisher, distributor, etc Rev. and Mrs. Wayne Pryce
Date of publication, distribution, etc c1957
300 ## - PHYSICAL DESCRIPTION
Extent 64 p. ;
Dimensions 21 cm.
650 ## - SUBJECT ADDED ENTRY--TOPICAL TERM
Topical term or geographic name as entry element Church
General subdivision Biblical Teaching
942 ## - ADDED ENTRY ELEMENTS (KOHA)
Source of classification or shelving scheme
Koha item type Books
Copies
Date acquired Lost status Not for loan Full call number Price effective from Shelving location Copy number Barcode Date last seen Damaged status Withdrawn status Permanent Location Koha item type Source of classification or shelving scheme
2010-04-14  BV 600 .P72010-04-14General Stacks167932010-04-14  RHEMA Bible Training CollegeBooks